| Registos Bibliográficos associados ao registo de autoridade |
|
Etiqueta de registo: 01192cbm 2200313 450 001 481291 003 http://id.bnportugal.gov.pt/bib/catbnp/481291 005 19990101000000.0 095 ## $aPTBN00684074 100 ## $a19950112g17401742k y0pory0103 ba 101 0# $alat 102 ## $aPT 105 ## $ay z 000yy 106 ## $ah 200 1# $aCursus philosophici$ftradita à R. P. ac sap.mo M. Fr. Petro à Divo Eliseo in hac b.mes virginis paraesi
carmelo$gaccepit Fr. Mathias Teixeira$bManuscrito] 210 #1 $d1740-1742 215 ## $a3 vol., enc.$d21 cm 300 ## $aCópia 307 ## $aEncadernação em pastas de cartão revestidas a pele castanha 316 ## $aCota antiga: D-1-1 e 2 327 11 $aVol. 1: "Prima pars Nempe Logica". - 1740. - [259] f$aVol. 2: "Secunda Pars Nenpe Phisica". - 1741. - [240] f$aVol. 3: "Tertia Pars Nempe Methaphi[si]ca". - [I], [149 f. 606 ## $aLógica$xManuais de ensino$x [ Manuscritos]$2SIPOR$3160103 606 ## $aFilosofia$zSéc. 18$xManuais de ensino$x [ Manuscritos]$2SIPOR$3160107 675 ## $a16(075)(0.032)$vBN$zpor$3566997 675 ## $a1"17"(075)(0.032)$vBN$zpor$3566998 700 #1 $aSanto Eliseu,$bPedro de,$ffl. 1746$cO.C.$3149872 702 #1 $aTeixeira,$bMatias,$ffl. 1740$3160109 702 #1 $aBacon,$bJoannes,$f1290-1346$4100$35541 801 #0 $aPT$bBN$gRPC 966 ## $lBN$mRESMAN$sCOD. 1166 966 ## $lBN$mRESMAN$sCOD. 1167 966 ## $lBN$mRESMAN$sCOD. 7239 997 ## $aBIBEOD
|
|
|